Zgadnij na czym polega ten quiz. (Kraje) - Statystyki

Ogólne statystyki
  • Ten quiz został rozwiązany 12 razy
  • Średni wynik to 5 z 6
Statystyki odpowiedzi
? Odpowiedź % Poprawnych
? San Marino
100%
? Watykan
100%
? Monako
90%
? Nauru
90%
? Tuvalu
60%
Zasada: Kraje mniejsze niż 100km
10%
Nie znaleziono quizów pasujących do podanych kryteriów
Rozkład punktacji
Procent ludzi z każdym wynikiem
Percentyl według liczby udzielonych odpowiedzi
Twoja historia wyników
Nie rozwiązałeś tego quizu